000 01337cam a22003494a 4500
999 _c12119
_d12119
003 OSt
005 20231117144426.0
008 050325s2006 njua b 001 0 eng
020 _a 9780471696131
040 _aBMSCA
041 _aeng
042 _apcc
082 0 0 _a720.47
_222
_bMEN
100 1 _aMendler, Sandra.
245 1 4 _aThe HOK guidebook to sustainable design
_cSandra Mendler, William Odell, Mary Ann Lazarus.
246 3 0 _aGuidebook to sustainable design
250 _a2nd ed.
260 _aHoboken, N.J. :
_bJ. Wiley,
_cc2006.
300 _axx, 459 p. :
_bill. ;
_c29 cm.
504 _aIncludes bibliographical references (p. 447-450) and index.
610 2 0 _aHellmuth, Obata & Kassabaum.
650 0 _aSustainable architecture.
650 0 _aSustainable architecture
_vCase studies.
650 0 _aArchitecture
_xEnvironmental aspects.
650 0 _aArchitectural design
_xMethodology.
700 1 _aOdell, William
_q(William Edward),
_d1945-
700 1 _aLazarus, Mary Ann.
856 4 1 _3Table of contents only
_uhttp://www.loc.gov/catdir/toc/ecip0510/2005008655.html
856 4 2 _3Publisher description
_uhttp://www.loc.gov/catdir/enhancements/fy0622/2005008655-d.html
856 4 2 _3Contributor biographical information
_uhttp://www.loc.gov/catdir/enhancements/fy0653/2005008655-b.html
942 _2ddc